000 00639cam a22002293a 4500
001 15396
003 PGUSA
005 20140828083329.0
008 050317s2005||||xxu|||||s|||||000 p eng d
040 _aPGUSA
_beng
042 _adc
050 4 _aPS
100 1 _aStein, Gertrude,
_d1874-1946
245 1 0 _aTender Buttons :
_bObjects—Food—Rooms
_h[electronic resource] /
_cGertrude Stein
260 _bProject Gutenberg,
_c2005
506 _aPublic domain in the USA.
516 _aElectronic text
653 _aProse poems
830 0 _aProject Gutenberg
_v15396
856 4 0 _uhttp://www.gutenberg.org/ebooks/15396
942 _cEB
999 _c244651
_d244651